| 000 | 004770000a22001810004500 | ||
|---|---|---|---|
| 003 | LK-CoMWRAF | ||
| 005 | 20231023151721.0 | ||
| 008 | 230817t ||||| |||| 00| 0 eng d | ||
| 040 |
_aLK-CoMWRAF _dLK-CoMWRAF _eLK-CoMWRAF |
||
| 041 | _aeng | ||
| 082 |
_a297.6 _bWAD |
||
| 100 | _aWadood, A.C.Abdul | ||
| 245 | _aThe Holy Prophet and his universal mission | ||
| 260 |
_aSri Lanka : _bCeylon muslim missionary society, _c1977 |
||
| 300 | _a32p | ||
| 650 | _aIslam | ||
| 942 | _cBK | ||
| 999 |
_c992 _d992 |
||